| 000 | 00904cam a2200265 a 4500 | ||
|---|---|---|---|
| 001 | 672131 | ||
| 003 | OSt | ||
| 005 | 20240708123129.0 | ||
| 008 | 950626s1996 nyuab b 000 0 eng | ||
| 010 | _a 95031638 | ||
| 020 | _a039396955X (pbk.) | ||
| 040 | _cmust | ||
| 043 | _an-us--- | ||
| 050 | 0 | 0 |
_aHC106.82 _b.L4 1996 |
| 082 | 0 | 0 |
_a338.973/009/049 _220 |
| 245 | 0 | 0 |
_aLeading economic controversies of 1996 / _c[edited by] Edwin Mansfield. |
| 260 |
_aNew York : _bNorton, _cc1996. |
||
| 300 |
_aix, 207 p. : _bill., map ; _c23 cm. |
||
| 500 | _aIncludes bibliographical references. | ||
| 651 | 0 |
_aUnited States _xEconomic policy _y1993-2001. _918510 |
|
| 700 | 1 |
_aMansfield, Edwin. _918511 |
|
| 906 |
_a7 _bcbc _corignew _d1 _eocip _f19 _gy-gencatlg |
||
| 942 |
_2ddc _cO_SHELF |
||
| 999 |
_c9091 _d9091 |
||